000
00327nam a2200133Ia 4500
008
151213s9999 xx 000 0 und d
245
_a
Advanced learner's dictionary-Oxford
250
_a
6th
260
_a
London
_b
Oxford press
300
_a
1034 p.
650
_a
English Language
650
_a
English Language
999
_c
1008
_d
1008